| 000 | 00520nam a2200181Ia 4500 | ||
|---|---|---|---|
| 008 | 090124s9999 xx 000 0 und d | ||
| 082 | _b32709 | ||
| 100 | _aखरे रामदास | ||
| 245 | _a जीर्ण देव्हारा | ||
| 250 | _a1 | ||
| 260 | _c2004 | ||
| 300 | _a70 | ||
| 600 | _aखरे रामदास | ||
| 630 | _a जीर्ण देव्हारा | ||
| 700 | _aखरे रामदास | ||
| 730 | _a जीर्ण देव्हारा | ||
| 942 | _cBOOK | ||
| 999 |
_c179131 _d179131 |
||